[Event "GER Pfingstopen U12"]
[Site "Playchess.com INT"]
[Date "2020.06.02"]
[Round "5"]
[White "Roessler, Helena"]
[Black "Schickram, Paul"]
[Result "1-0"]
[WhiteElo "1620"]
[BlackElo "1620"]
[PlyCount "85"]
[EventDate "2020.06.02"]
[EventType "swiss (blitz)"]
[EventRounds "11"]
[EventCountry "GER"]
[SourceTitle "CBM 197 Extra"]
[Source "ChessBase"]
[SourceDate "2020.09.30"]
[SourceVersion "1"]
[SourceVersionDate "2020.09.30"]
[SourceQuality "1"]

1. e4 e6 2. d4 d5 3. Nc3 Nf6 4. Bd3 c5 5. Nf3 Nc6 6. Be3 Qb6 7. dxc5 Bxc5 8. Bxc5 Qxc5 9. exd5 Nxd5 10. Nxd5 Qxd5 11. 0-0 0-0 12. Qd2 Qa5 13. Qe3 Bd7 14. Nd4 Nxd4 15. Qxd4 Qd5 16. Qh4 h6 17. Rfe1 Bc6 18. Be4 Qd6 19. Rad1 Qc7 20. Bd3 Rfe8 21. Re3 Qe7 22. Qg4 Qg5 23. Qh3 Rad8 24. Rg3 Qe7 25. Qxh6 g6 26. Re1 Rxd3 27. cxd3 Rd8 28. Rh3 Qf6 29. Qh7+ Kf8 30. Qh8+ Qxh8 31. Rxh8+ Ke7 32. Rxd8 Kxd8 33. Kf1 Bb5 34. Ke2 Kd7 35. Rc1 Bc6 36. f3 Kd6 37. h4 f6 38. g4 Be8 39. Rh1 Ke5 40. h5 gxh5 41. gxh5 Kf5 42. h6 Kg6 43. h7 1-0

[Event "GER Pfingstopen U12"]
[Site "Playchess.com INT"]
[Date "2020.06.02"]
[Round "1"]
[White "Sohoni, Arnav"]
[Black "Schickram, Paul"]
[Result "1-0"]
[WhiteElo "1620"]
[BlackElo "1620"]
[PlyCount "123"]
[EventDate "2020.06.02"]
[EventType "swiss (blitz)"]
[EventRounds "11"]
[EventCountry "GER"]
[SourceTitle "CBM 197 Extra"]
[Source "ChessBase"]
[SourceDate "2020.09.30"]
[SourceVersion "1"]
[SourceVersionDate "2020.09.30"]
[SourceQuality "1"]

1. e4 e5 2. Nf3 Nc6 3. Bc4 Nf6 4. d3 Bc5 5. 0-0 0-0 6. Re1 h6 7. Be3 Bb6 8. c3 d6 9. h3 Re8 10. Nbd2 Be6 11. Bb3 Qe7 12. Nf1 Rad8 13. Qc2 Bxe3 14. Rxe3 Nd7 15. Ng3 Nc5 16. Bxe6 fxe6 17. b4 Nd7 18. Nh2 Nf6 19. Rf1 Rf8 20. f4 exf4 21. Rxf4 Nd7 22. Qf2 Rxf4 23. Qxf4 Rf8 24. Qg4 Qf6 25. Qf3 Qxf3 26. Nxf3 Nf6 27. e5 dxe5 28. Nxe5 Nxe5 29. Rxe5 Re8 30. Kh2 Nd7 31. Re1 Kf7 32. Ne2 Nf6 33. Nf4 g5 34. Ne2 Ke7 35. Nd4 Kd7 36. g4 Nd5 37. Rc1 Ne3 38. a3 Nd5 39. c4 Nf6 40. Re1 e5 41. Nf3 e4 42. dxe4 Rxe4 43. Rxe4 Nxe4 44. Ne5+ Ke6 45. Nd3 Nd6 46. Kg2 c6 47. c5 Ne4 48. Kf3 Nf6 49. Nf2 Ke5 50. Ke3 Nd7 51. Nd3+ Ke6 52. Ke4 Ke7 53. Ne5 Nxe5 54. Kxe5 b6 55. cxb6 axb6 56. Kd4 Kd6 57. a4 Ke6 58. Ke4 Kd6 59. Kd4 c5+ 60. bxc5+ bxc5+ 61. Kc4 Kc6 62. a5 1-0